000 00654nam a2200205 i 4500
001 187496
003 ES-MaACL
005 20230906222937.0
008 170912s1975 sp |||| | spa d
020 _a84-7232-260-2
080 _a821.134.2(82)-14"19"
100 1 _aRuschi Crespo, María Julia de.
_9163587
245 1 0 _aPolvo que une /
_cMaría Julia de Ruschi Crespo.
260 _aMadrid :
_bCultura Hispánica,
_c1975.
300 _a104 p. ;
_c20 cm.
490 1 _aColección poética "Leopoldo Panero" ;
_v27
830 1 _aColección poética "Leopoldo Panero" ;
_v27
_9182594
852 _aES-MaACL
_jP-2 Nº 27
999 _c187496
_d187496